| 000 | 00652nam a2200193 i 4500 | ||
|---|---|---|---|
| 001 | 78817 | ||
| 003 | ES-MaACL | ||
| 005 | 20250913172626.0 | ||
| 007 | t| | ||
| 008 | 041018s1972 sp ||||1| spa d | ||
| 100 | 1 |
_aHegel, Georg Wilhelm Friedrich. _962316 |
|
| 245 | 1 | 3 |
_aLa razón en la historia / _cG.W.F. Hegel ; introducción, Antonio Truyol ; [versión, César Armando Gómez]. |
| 260 |
_a[Madrid] : _bSeminarios y Ediciones, _c[1972] |
||
| 300 |
_a333 p. ; _c18 cm. |
||
| 700 | 1 |
_aTruyol y Serra, Antonio, _d1913-2003 _9111597 |
|
| 700 | 1 |
_aGómez, César Armando. _957753 |
|
| 852 |
_aES-MaACL _jC-45357 _bR.83552 |
||
| 999 |
_c78817 _d78817 |
||